Udělej - urob si sám. Zv.60 /

Enregistré dans:
Détails bibliographiques
Autres auteurs: Zoufalý, Kamil (Compilateur)
Format: Livre
Langue:slovaque
Publié: Bratislava : Alfa, 1986
Sujets:
Tags: Ajouter un tag
Pas de tags, Soyez le premier à ajouter un tag!

MARC

LEADER 00000nam a22000003a 4500
001 stu43727
005 20150617225718.2
008 941206s1986----cs------------------slo-d
040 |a STU  |b slo 
041 0 |a slo 
044 |a cs 
080 |a 689(035)  |7 A000003249 
100 1 |a Zoufalý, Kamil  |4 com 
245 1 |a Udělej - urob si sám. Zv.60 /  |c Zost. Kamil Zoufalý 
260 |a Bratislava :  |b Alfa,  |c 1986 
300 |a 63 s 
650 7 |a Práce amatérske  |2 stusub 
650 7 |a príručky  |2 stusub 
996 |b 284M044740  |c M*51/60-2  |l MMKN  |s A  |a 24  |w stu43727_0001